000 00412nam a22001697a 4500
003 SEACOMEC
005 20250418134735.0
008 250418b |||||||| |||| 00| 0 eng d
020 _c250.00
_a0070593760
040 _aSEACOMEC
082 _a006.6
_bISR
110 _aISRD Group
245 _aComputer graphics /
_cISRD Group
250 _a2nd ed
260 _aNew Delhi
_bTata McGraw Hil
_c2005
942 _cBOOK
999 _c2207
_d2207